Statistiken für Weltführer #9

Klicken Sie hier um das Quiz zu spielen!

Allgemein

  • Dieses Quiz wurde 106 mal gespielt
  • Das Durchschnittsergebnis liegt bei 10 aus 14

Antwortstatistiken

Führer von. ..Land% Korrekt
Konrad AdenauerDeutschland
99%
Kim Jong-unNordkorea
96%
YoshihitoJapan
92%
Kurt WaldheimÖsterreich
90%
Hồ Chí MinhVietnam
84%
Vigdís FinnbogadóttirIsland
82%
Andrew JacksonVereinigte Staaten
80%
Martti AhtisaariFinnland
70%
Anwar as-SadatÄgypten
63%
Hugo ChávezVenezuela
61%
Ahmed Hassan al-BakrIrak
55%
F. W. de KlerkSüdafrika
53%
Manuel L. QuezonPhilippinen
27%
Rafael TrujilloDominikanische Republik
26%

Verteilung der Resultate

Perzentil nach korrekt beantworteten Fragen

Anzahl Personen mit jedem Resultat

Ihre Resultats-Entwicklung

Sie haben dieses Quiz noch nicht gespielt